| 000 | 00373nam a2200133Ia 4500 | ||
|---|---|---|---|
| 005 | 20251222143239.0 | ||
| 008 | 251222s9999||||xx |||||||||||||| ||spa|| | ||
| 020 | _a978-987-538-183-4 | ||
| 082 | _a370.152.3/Y21 | ||
| 100 | _aYannuzzi, Sandra | ||
| 245 | 0 | _aInteligencia y Subjetividad: | |
| 264 | _bCentro de Publicaciones Educativas y Material Didáctico | ||
| 942 | _cLIB | ||
| 999 |
_c14493 _d14493 |
||